书目信息 |
| 题名: |
没什么特别的
|
|
| 作者: | 双囍是朵花儿 著 | |
| 分册: | ||
| 出版信息: | 北京 电子工业出版社 2018 |
|
| 页数: | 275页 | |
| 开本: | 27x27cm | |
| 丛书名: | ||
| 单 册: | ||
| 中图分类: | J423 , I267.1 | |
| 科图分类: | ||
| 主题词: | 人像摄影--ren xiang she ying--中国--现代--摄影集 , 随笔--sui bi--中国--当代--作品集 | |
| 电子资源: | ||
| ISBN: | 978-7-121-34453-4 | |
| 000 | 01073nam0 2200277 450 | |
| 001 | 438665 | |
| 005 | 20191024155655.0 | |
| 010 | @a978-7-121-34453-4@b精装@dCNY199.00 | |
| 099 | @aCAL 012018099693 | |
| 100 | @a20180823d2018 em y0chiy50 ea | |
| 101 | 0 | @achi |
| 102 | @aCN@b110000 | |
| 105 | @aa z 000cy | |
| 106 | @ar | |
| 200 | 1 | @a没什么特别的@Amei shen me te bie de@f双囍是朵花儿著 |
| 210 | @a北京@c电子工业出版社@d2018 | |
| 215 | @a275页@c彩图@d27x27cm | |
| 300 | @a文艺私房写真集 2013年4月--2018年4月 | |
| 330 | @a本书是“双囍是朵花儿”的第三本摄影作品集。这本“五周年纪念版”画册,集合了双囍本人从业以来喜欢的作品,用温柔的画面细腻地展示了女性的柔美。书中穿插部分随笔,字数不多,但真挚动人,值得一读。双囍长于拍摄女性,她的作品能让人感受到性别之美,而非欲念。 | |
| 606 | 0 | @a人像摄影@Aren xiang she ying@y中国@z现代@j摄影集 |
| 606 | 0 | @a随笔@Asui bi@y中国@z当代@j作品集 |
| 690 | @aJ423@v5 | |
| 690 | @aI267.1@v5 | |
| 701 | 0 | @a双囍是朵花儿@Ashuang heui shi duo hua er@4著 |
| 801 | 0 | @aCN@b上海新华@c20191020 |
| 905 | @b1185953-4@dJ423@e399@f2 | |
| 没什么特别的/双囍是朵花儿著.-北京:电子工业出版社,2018 |
| 275页:彩图;27x27cm |
| 文艺私房写真集 2013年4月--2018年4月 |
| ISBN 978-7-121-34453-4(精装):CNY199.00 |
| 本书是“双囍是朵花儿”的第三本摄影作品集。这本“五周年纪念版”画册,集合了双囍本人从业以来喜欢的作品,用温柔的画面细腻地展示了女性的柔美。书中穿插部分随笔,字数不多,但真挚动人,值得一读。双囍长于拍摄女性,她的作品能让人感受到性别之美,而非欲念。 |
| ● |
| 相关链接 |
|
|
|
|
正题名:没什么特别的
索取号:J423/399
 
预约/预借
| 序号 | 登录号 | 条形码 | 馆藏地/架位号 | 状态 | 备注 |
| 1 | 1185953 | 211859531 | 第一样本阅览室/ [索取号:J423/399] | 在馆 | |
| 2 | 1185954 | 211859540 | 第一借阅区/ [索取号:J423/399] | 在馆 |